Statistiques concernant Focus sur: Moine Gras - Harry Potter

Cliquez ici pour prendre le quiz!

Statistiques générales

  • Ce quiz a été pris 89 fois
  • Le résultat moyen est 6 sur 7

Statistiques - réponses

Informations recherchéesRéponses% Correct
Lieu de rencontre avec Harry PotterPoudlard
100%
EspèceFantôme
99%
Première apparitionHarry Potter à l'école des sorciers
99%
Ecole fréquentéePoudlard
99%
Maison fréquentéePoufsouffle
99%
"Profession"Moine
49%
Acteur l'interprétant dans les filmsSimon Fisher-Becker
12%

Distribution des résultats

Percentile par nombre de réponses

% des personnes avec chaque résultat

Votre développement - résultats

Vous n’avez pas pris ce quiz